000 00751nam a2200241 i 4500
001 bg
100 1 _aWIĘCKIEWICZ, Wojciech
245 1 0 _aZarys budowy statków morskich /
_cWojciech Więckiewicz.
260 _aGdynia :
_bWydaw. Uczelniane WSM [Wyższej Szkoły Morskiej],
_c1998.
300 _a122 s. :
_bfaks., rys. ;
_c21 cm.
490 1 _aBudowa i Teoria Okrętu : zeszyt tematyczny
504 _aBibliogr. s. 113.
650 9 _aStatki
_xbudowa i konstrukcje
655 _aPodręczniki akademickie
830 _aBudowa i Teoria Okrętu : zeszyt tematyczny
020 _a8386703245
040 _cBPK
041 0 _apl
080 _a629.5(075.8)
920 _a83-86703-24-5
942 _cKS
008 s pl f |000 0 pol
999 _c34202
_d34202
856 _uhttp://koha.tu.koszalin.pl/cgi-bin/koha/opac-detail.pl?biblionumber=34202
_yKatalog online BPK